Pays qui accueillent la coupe du monde de biathlon - Statistiques

Statistiques générales
  • Ce quiz a été pris 280 fois
  • Le résultat moyen est 7 sur 8
Statistiques - réponses
Hint Réponse % Correct
3 France
100%
8 Norvège
98%
4 Allemagne
97%
1 Finlande
94%
5 Italie
94%
2 Autriche
88%
6 République tchèque
75%
7 Slovénie
73%
Aucun quiz correspondant
Distribution des résultats
% des personnes avec chaque résultat
Percentile par nombre de réponses
Votre historique - résultats
Vous n’avez pas pris ce quiz